Biodiversity and sustainable agriculture (Registro nro. 1075)

Detalles MARC
000 -CABECERA
Campo de control 00976nam a2200277 a 4500
005 - FECHA Y HORA DE LA ULTIMA TRANSACCION
Campo de control 20200104041518.0
008 - ELEMENTOS DE LONGITUD FIJA—INFORMACION GENERAL
Campo de control 140225b1996 sw ||||gr|||| 00| 0 eng d
040 ## - FUENTE DE CATALOGACIÓN
Agencia catalogadora original CO-BoIAVH
Agencia transcriptora CO-BoIAVH
041 ## - IDIOMA
Código de idioma para texto/pista de sonido o título separado Inglés
082 #4 - NUMERO DE CLASIFICACION DECIMAL DEWEY
Número de clasificación 333.9516079
Número del ítem B61b
111 2# - ASIENTO PRINCIPAL--NOMBRE DE REUNION
Nombre de reunión o de jurisdicción como elemento de entrada Biodiversity and sustainable agriculture
Lugar de la reunión Ekenas, Sweden
Fecha de la reunión 1996
9 (RLIN) 55315
245 2# - MENCION DE TITULO
Título Biodiversity and sustainable agriculture
Parte restante del título discussion paper No. 3
260 ## - PUBLICACION, DISTRIBUCION, ETC. (PIE DE IMPRENTA)
Lugar de publicación, distribución, etc. Estockholmo
Nombre del editor, distribuidor, etc. Swedish Scientific Counsil on Biological Diversity
Fecha de publicación, distribución, etc. 1996
300 ## - DESCRIPCION FISICA
Extensión 48 paginas.:
Dimensiones 29 x 21 cm
650 #4 - ASIENTO SECUNDARIO DE MATERIA - TERMINO TEMATICO
Término temático o nombre geográfico como elemento de entrada Agricultura sostenible
9 (RLIN) 210
650 #6 - ASIENTO SECUNDARIO DE MATERIA - TERMINO TEMATICO
Término temático o nombre geográfico como elemento de entrada Biodiversidad
9 (RLIN) 92204
650 #4 - ASIENTO SECUNDARIO DE MATERIA - TERMINO TEMATICO
Término temático o nombre geográfico como elemento de entrada Uso del suelo
9 (RLIN) 3216
650 #4 - ASIENTO SECUNDARIO DE MATERIA - TERMINO TEMATICO
Término temático o nombre geográfico como elemento de entrada Conservación de biodiversidad
9 (RLIN) 345
650 #4 - ASIENTO SECUNDARIO DE MATERIA - TERMINO TEMATICO
Término temático o nombre geográfico como elemento de entrada Especies nativas
9 (RLIN) 55320
650 #4 - ASIENTO SECUNDARIO DE MATERIA - TERMINO TEMATICO
Término temático o nombre geográfico como elemento de entrada Agroecosistemas
9 (RLIN) 55321
650 #4 - ASIENTO SECUNDARIO DE MATERIA - TERMINO TEMATICO
Término temático o nombre geográfico como elemento de entrada Especies domesticadas
9 (RLIN) 3529
700 1# - ASIENTO SECUNDARIO - NOMBRE PERSONAL
Nombre personal Dock Gustavsson, Ann Marie
9 (RLIN) 10654
700 1# - ASIENTO SECUNDARIO - NOMBRE PERSONAL
Nombre personal Hedlund, Linda
9 (RLIN) 10655
700 1# - ASIENTO SECUNDARIO - NOMBRE PERSONAL
Nombre personal Almered Olsson, Gunilla
9 (RLIN) 10648
942 ## - ELEMENTOS ADICIONALES (KOHA)
Tipo de ítem Libro
Sistema de clasificación Dewey Decimal Classification
Existencias
Withdrawn status Lost status Sistema de Clasificación Damaged status No para préstamo Colección Inventariado Ubicación Permanente Ubicación actual Fecha de adquisición Fuente de Valor Valor Total Checkouts Número topográfico Inventario / Código de Barras Date last seen Ejemplar Price effective from Forma de adquisición Tipo de material
    Dewey Decimal Classification     General Inventariado 2017 Bogotá Bogotá 29/09/2006 Instituto 39000.00   LB-333.9516079 B61b 023276 04/12/2012 Ej. 1 04/12/2012   Libro
    Dewey Decimal Classification     General Inventariado 2017 Sala Fabio Quevedo Sala Fabio Quevedo 14/01/1999 Instituto 39000.00   LB-333.9516079 B61b 001469 04/12/2012 Ej. 2 04/12/2012 Donación Libro